000 00611nam a22002297a 4500
003 UA-OsUOA
001 89619
007 ta
008 20121107b un ||||| |||| 00| 0 ukr d
100 _aЖурахович С
090 _a821.161.2
_bЖ91
942 _cBK
040 _aUA-OsUOA
_bukr
_cUA-OsUOA
_dUA-OsUOA
245 _aПам'яті пекучий біль
300 _a263 с.
955 _a3
041 _aukr
080 _a821.161.2
260 _aК.
_bРад. письменник
_c1987
650 7 _a82 Література. Літературознавство
_2UDC
999 _c375921
_d375921